| 000 | 00869nam a2200253 a 4500 | ||
|---|---|---|---|
| 001 | 58706 | ||
| 003 | BD-RjUL | ||
| 005 | 20211209080641.0 | ||
| 008 | 190310s1934 sq b 000 0 eng | ||
| 035 | _a(BD-RjUL)58830 | ||
| 040 |
_aDLC _cDLC _dBD-RjUL _beng |
||
| 041 | _aeng | ||
| 082 | 0 | 0 |
_223 _a380 _bLEO 1934 |
| 110 |
_aLeague of Nations. _9229151 |
||
| 245 | 0 | 0 |
_aOrganisation for communications and transit : _bEnquiry on national public works / _cLeague of Nations. |
| 260 |
_aGeneva: _c1934 |
||
| 300 |
_a281 p.: _bill.; _c27 cm. |
||
| 500 | _aC.482. M.209. 1934. VIII | ||
| 500 | _aAt head of title: ... Geneva, October 31st, 1934. League of nations. Series of League of nations publications. VIII. Transit. 1934. VIII. 8. | ||
| 504 | _aIncludes bibliography | ||
| 650 |
_aPublic works _9229149 |
||
| 650 |
_aCommunications _9229150 |
||
| 942 |
_2ddc _cBK |
||
| 999 |
_c58706 _d58706 |
||